000 00837nam a2200289 a 4500
001 58916
003 BD-RjUL
005 20211209080654.0
008 161220s1987 nyua b 001 0 eng
020 _a0471830895
035 _a(BD-RjUL)59040
040 _aDLC
_cDLC
_dBD-RjUL
_beng
041 _aeng
082 0 0 _a658.009
_223
_bWRE 1987
100 1 _aWren, Daniel A.
_9175188
245 1 4 _aThe evolution of management thought /
_cDaniel A. Wren.
250 _a3rd ed.
260 _aNew York :
_bWiley,
_cc1987.
300 _axii, 451 p. :
_bill. ;
_c24 cm.
500 _aIncludes indexes.
504 _aBibliography: p. 428-432.
650 0 _aManagement
_xHistory.
_9175189
830 _aWiley series in management,
_9174047
942 _2ddc
_cBK
999 _c58916
_d58916